| 000 -LEADER |
| fixed length control field |
02029cam a2200373 a 4500 |
| 001 - CONTROL NUMBER |
| control field |
16741757 |
| 003 - CONTROL NUMBER IDENTIFIER |
| control field |
OSt |
| 005 - DATE AND TIME OF LATEST TRANSACTION |
| control field |
20180116192411.0 |
| 008 - FIXED-LENGTH DATA ELEMENTS--GENERAL INFORMATION |
| fixed length control field |
110419s2012 njuaeo b 001 0 eng |
| 010 ## - LIBRARY OF CONGRESS CONTROL NUMBER |
| LC control number |
2011016228 |
| 020 ## - INTERNATIONAL STANDARD BOOK NUMBER |
| International Standard Book Number |
9780470908532 (pbk. : alk. paper) |
| 040 ## - CATALOGING SOURCE |
| Original cataloging agency |
DLC |
| Transcribing agency |
DLC |
| Modifying agency |
DLC |
| 042 ## - AUTHENTICATION CODE |
| Authentication code |
pcc |
| 050 00 - LIBRARY OF CONGRESS CALL NUMBER |
| Classification number |
NA2750 |
| Item number |
.C76 2012 |
| 082 00 - DEWEY DECIMAL CLASSIFICATION NUMBER |
| Classification number |
720.28 |
| Edition number |
22 |
| 084 ## - OTHER CLASSIFICATION NUMBER |
| Classification number |
ARC004000 |
| Number source |
bisacsh |
| 100 1# - MAIN ENTRY--PERSONAL NAME |
| Personal name |
Crowe, Norman. |
| 9 (RLIN) |
5863 |
| 245 10 - TITLE STATEMENT |
| Title |
Visual notes for architects and designers / |
| Statement of responsibility, etc. |
Norman Crowe & Paul Laseau. |
| 250 ## - EDITION STATEMENT |
| Edition statement |
2nd ed. |
| 260 ## - PUBLICATION, DISTRIBUTION, ETC. |
| Place of publication, distribution, etc. |
Hoboken, N.J. : |
| Name of publisher, distributor, etc. |
Wiley, |
| Date of publication, distribution, etc. |
c2012. |
| 300 ## - PHYSICAL DESCRIPTION |
| Extent |
viii, 232 p. : |
| Other physical details |
ill., plans, photographs ; |
| Dimensions |
26 cm. |
| 504 ## - BIBLIOGRAPHY, ETC. NOTE |
| Bibliography, etc. note |
Includes bibliographical references and index. |
| 505 8# - FORMATTED CONTENTS NOTE |
| Formatted contents note |
Machine generated contents note: Preface.1.Introduction.2. A Guide to Note-Taking.3. A Journal.4. A Collection of Visual Notes.5. Transitions to Design.6. Conclusion.Appendix. Tools and Techniques.Endnotes.Photo Credits.Bibliography.Index. |
| 520 ## - SUMMARY, ETC. |
| Summary, etc. |
"This show-by-example sourcebook clearly illustrates proven methods and procedures for keeping a highly useful visual notebook. Visual Notes for Architects and Designers demonstrates how to make rapid, notational sketches that serve as visual records for future reference, as well as improve understanding and facilitate the development of ideas. It shows how to expand knowledge of a subject beyond what is gained through observation or verbal representation alone" -- |
| 650 #0 - SUBJECT ADDED ENTRY--TOPICAL TERM |
| Topical term or geographic name entry element |
Communication in architectural design. |
| 9 (RLIN) |
5864 |
| 650 #0 - SUBJECT ADDED ENTRY--TOPICAL TERM |
| Topical term or geographic name entry element |
Visual perception. |
| 9 (RLIN) |
5865 |
| 650 #7 - SUBJECT ADDED ENTRY--TOPICAL TERM |
| Topical term or geographic name entry element |
ARCHITECTURE / Design, Drafting, Drawing & Presentation |
| Source of heading or term |
bisacsh. |
| 9 (RLIN) |
5866 |
| 700 1# - ADDED ENTRY--PERSONAL NAME |
| Personal name |
Laseau, Paul, |
| Dates associated with a name |
1937- |
| 9 (RLIN) |
5867 |
| 906 ## - LOCAL DATA ELEMENT F, LDF (RLIN) |
| a |
7 |
| b |
cbc |
| c |
orignew |
| d |
1 |
| e |
ecip |
| f |
20 |
| g |
y-gencatlg |
| 942 ## - ADDED ENTRY ELEMENTS (KOHA) |
| Source of classification or shelving scheme |
|
| Koha item type |
Book |